000 00586nam a22001937a 4500
005 20251108170946.0
008 250721s1983 xx 000 0 ara d
082 1 4 _a519/صال
100 1 _aأبو صالح، محمد صبحي
245 1 0 _aمقدمة في الإحصاء /
264 1 _aنيويورك :
_bدار جون وايلي،
_c1983.
300 _a339ص
650 1 7 _aنظرية الإحتمالات
650 1 7 _aالإحصاء الرياضي
650 1 7 _aالإحصاء الوصفي
700 1 _aعوض، عدنان محمد
942 _2ddc
_cBK
999 _c53056
_d53056